| 000 | 00637nam a2200181 i 4500 | ||
|---|---|---|---|
| 001 | 109862 | ||
| 003 | ES-MaACL | ||
| 005 | 20230906184928.0 | ||
| 007 | t| | ||
| 008 | 061121s1962 sp f |||| | fre d | ||
| 100 | 1 |
_aOnieva, Antonio J. _987081 |
|
| 245 | 1 | 0 |
_aNouveau guide complet du Musée du Prado / _cAntonio J. Onieva ; versión francaise de Claire Gilbert de Stoppefaère. |
| 260 |
_aMadrid : _bMayfe, _c1962. |
||
| 300 |
_a307 p. lám. 1-484. 2 gráf. pleg. ; _c17 cm. |
||
| 610 | 2 |
_aMuseo Nacional del Prado- _vGuías turísticas. _9166678 |
|
| 700 | 1 |
_aGilbert de Stoppelaère, Claire. _9166677 |
|
| 852 |
_aES-MaACL _jC-21779 |
||
| 999 |
_c109862 _d109862 |
||